[Event "II. CLANSKA LIGA ZAHOD 2023"]
[Site "Komenda"]
[Date "2023.11.17"]
[Round "1.1"]
[White "Kavcic, Uros"]
[Black "Zamar Kodelja, Jurij"]
[Result "1-0"]
[WhiteElo "2206"]
[BlackElo "2245"]
[PlyCount "101"]
[EventDate "2023.11.17"]
[WhiteTeam "DRUSTVO TOMO ZUPAN"]
[BlackTeam "SK NOVA GORICA"]

1. f4 d5 2. Nf3 Nf6 3. d3 g6 4. g3 Bg7 5. Bg2 O-O 6. O-O b6 7. e4 dxe4 8. dxe4
Ba6 9. Qxd8 Rxd8 10. Re1 Nc6 11. e5 Nd5 12. b3 e6 13. a3 Na5 14. Nbd2 c5 15. c4
Ne7 16. Bb2 Nec6 17. Bc3 Rac8 18. Bf1 Nd4 19. Nxd4 cxd4 20. Bxa5 bxa5 21. Bd3
Bf8 22. Rec1 Be7 23. Kf2 g5 24. Ne4 h6 25. Ke2 gxf4 26. gxf4 Rb8 27. Nd2 Bb7
28. c5 Bd5 29. b4 Rdc8 30. Rcb1 f5 31. Bc4 Kf7 32. Bxd5 exd5 33. Nf3 Rg8 34.
Nxd4 Rg2+ 35. Ke3 Rbg8 36. Nxf5 Rxh2 37. Rh1 d4+ 38. Kxd4 Rd2+ 39. Ke3 Rgg2 40.
Rxh6 Rge2+ 41. Kf3 Rf2+ 42. Ke4 Rfe2+ 43. Ne3 Rc2 44. Rd1 Rb2 45. Rh7+ Ke8 46.
Kd3 axb4 47. axb4 a5 48. Nd5 Bd8 49. bxa5 Bxa5 50. Nf6+ Kf8 51. Rg1 1-0

[Event "II. CLANSKA LIGA ZAHOD 2023"]
[Site "Komenda"]
[Date "2023.11.17"]
[Round "1.2"]
[White "Herega, Nejc"]
[Black "Logar, Metod"]
[Result "1-0"]
[WhiteElo "2236"]
[BlackElo "1989"]
[PlyCount "93"]
[EventDate "2023.11.17"]
[WhiteTeam "SK NOVA GORICA"]
[BlackTeam "DRUSTVO TOMO ZUPAN"]

1. d4 Nf6 2. c4 e6 3. g3 d5 4. Bg2 Be7 5. Nf3 O-O 6. O-O c6 7. Qc2 b6 8. b3
Nbd7 9. Rd1 Bb7 10. Nbd2 Rc8 11. e4 dxe4 12. Nxe4 Nxe4 13. Qxe4 Nf6 14. Qc2 Rc7
15. Bf4 Rd7 16. Ne5 Rxd4 17. Nxc6 Bxc6 18. Bxc6 Rxd1+ 19. Rxd1 Qc8 20. Bf3 Rd8
21. Kg2 Nd5 22. Be5 Bf6 23. Qe4 Bxe5 24. Qxe5 Nb4 25. a3 Nc6 26. Rxd8+ Nxd8 27.
Qd6 f6 28. b4 Nf7 29. Qe7 Ne5 30. Qxa7 Nxf3 31. Kxf3 Qc6+ 32. Ke3 Qxc4 33. Qxb6
Qb3+ 34. Ke2 Qc4+ 35. Kd2 Qa2+ 36. Ke1 Qxa3 37. Qxe6+ Kf8 38. Qe4 Qc3+ 39. Kf1
Qb3 40. Kg2 Kf7 41. h4 h5 42. Qb7+ Kg6 43. b5 Kh6 44. Qc6 Qb2 45. b6 g5 46.
hxg5+ Kxg5 47. b7 1-0

[Event "II. CLANSKA LIGA ZAHOD 2023"]
[Site "Komenda"]
[Date "2023.11.17"]
[Round "1.3"]
[White "Muri, Emil"]
[Black "Gregoric, Andraz"]
[Result "0-1"]
[WhiteElo "1766"]
[BlackElo "2171"]
[PlyCount "82"]
[EventDate "2023.11.17"]
[WhiteTeam "DRUSTVO TOMO ZUPAN"]
[BlackTeam "SK NOVA GORICA"]

1. e4 e5 2. Nf3 Nc6 3. Bb5 a6 4. Ba4 Nf6 5. d4 exd4 6. O-O Be7 7. Re1 O-O 8. c3
d5 9. e5 Ne4 10. cxd4 f6 11. Bb3 Kh8 12. Nc3 Nxc3 13. bxc3 fxe5 14. Nxe5 Nxe5
15. dxe5 Be6 16. Bc2 Qe8 17. Qe2 c5 18. f4 d4 19. cxd4 cxd4 20. g4 g6 21. Rf1
Qd7 22. h3 Rac8 23. Bd3 b5 24. Bb2 Bb4 25. a3 Bc3 26. Rac1 Rc5 27. Bxc3 Rxc3
28. Rxc3 dxc3 29. Qe3 a5 30. Rb1 Rb8 31. Qe4 Qd5 32. f5 gxf5 33. gxf5 Qc5+ 34.
Kf1 Bxf5 35. Qxf5 Rf8 36. Qxf8+ Qxf8+ 37. Ke2 b4 38. axb4 axb4 39. Kd1 Qf2 40.
Be2 Qd4+ 41. Ke1 Qg1+ 0-1

[Event "II. CLANSKA LIGA ZAHOD 2023"]
[Site "Komenda"]
[Date "2023.11.17"]
[Round "1.4"]
[White "Markocic, Tine"]
[Black "Demsar, Maks"]
[Result "1-0"]
[WhiteElo "2059"]
[BlackElo "1532"]
[PlyCount "27"]
[EventDate "2023.11.17"]
[WhiteTeam "SK NOVA GORICA"]
[BlackTeam "DRUSTVO TOMO ZUPAN"]

1. e4 e5 2. Bc4 Nf6 3. d3 Bc5 4. Nf3 d6 5. c3 Nc6 6. Bb3 O-O 7. Nbd2 Re8 8. O-O
Ne7 9. d4 exd4 10. cxd4 Bb6 11. e5 dxe5 12. dxe5 Nd7 13. Bxf7+ Kxf7 14. Ng5+
1-0

[Event "II. CLANSKA LIGA ZAHOD 2023"]
[Site "Komenda"]
[Date "2023.11.17"]
[Round "1.5"]
[White "Smirnov, Maksim"]
[Black "Vicic, Mark"]
[Result "1/2-1/2"]
[WhiteElo "1491"]
[BlackElo "1734"]
[PlyCount "75"]
[EventDate "2023.11.17"]
[WhiteTeam "DRUSTVO TOMO ZUPAN"]
[BlackTeam "SK NOVA GORICA"]

1. d4 f5 2. Nf3 Nf6 3. e3 g6 4. c4 Bg7 5. Nc3 O-O 6. Be2 d6 7. O-O Qe8 8. b4 a5
9. b5 Nbd7 10. Bb2 h6 11. a4 Kh7 12. Rc1 b6 13. Qb3 e6 14. Ba3 Rf7 15. Nb1 Bf8
16. Nbd2 e5 17. dxe5 dxe5 18. Bxf8 Qxf8 19. Qc2 e4 20. Nd4 Nc5 21. Qa2 Qe7 22.
N2b3 Nfd7 23. Rfd1 Qg5 24. Nxc5 Nxc5 25. Nb3 f4 26. exf4 Qxf4 27. Rf1 Qg5 28.
Kh1 Be6 29. Nxc5 Qxc5 30. Qc2 Qe5 31. f3 exf3 32. Rxf3 Rxf3 33. Bxf3 Bf5 34.
Qf2 Re8 35. h3 Qe3 36. Qxe3 Rxe3 37. Bd5 Be4 38. Bxe4 1/2-1/2

[Event "II. CLANSKA LIGA ZAHOD 2023"]
[Site "Komenda"]
[Date "2023.11.17"]
[Round "1.6"]
[White "Zagorsek, Nejc"]
[Black "Rogelj, Tomaz"]
[Result "1-0"]
[WhiteElo "1341"]
[BlackElo "1765"]
[PlyCount "119"]
[EventDate "2023.11.17"]
[WhiteTeam "SK NOVA GORICA"]
[BlackTeam "DRUSTVO TOMO ZUPAN"]

1. d4 Nf6 2. c4 e6 3. Nf3 d5 4. g3 Be7 5. Bg2 O-O 6. O-O c5 7. cxd5 exd5 8. Qc2
c4 9. b3 cxb3 10. Qxb3 Nbd7 11. Ba3 Re8 12. Bxe7 Qxe7 13. Nc3 Nb6 14. Ne5 Be6
15. e3 Rac8 16. Rab1 Qc7 17. Nb5 Qb8 18. Nxa7 Qxa7 19. Qxb6 Qxa2 20. Qxb7 Rc2
21. Nd3 Bc8 22. Qb6 Rd2 23. Nb4 Qc4 24. Rbc1 Qe2 25. Rce1 Qc4 26. Qc5 Ba6 27.
Nxa6 Qxa6 28. Qc3 Ra2 29. Ra1 Ra8 30. Rxa2 Qxa2 31. Rc1 h6 32. Bf3 g5 33. Qc6
Ra6 34. Qc8+ Kg7 35. g4 Ra8 36. Qc2 Qa5 37. Qc5 Qd2 38. Qc2 Qa5 39. h3 Ra7 40.
Qd1 Qa2 41. Qe2 Qa3 42. Rc5 Qa1+ 43. Qf1 Qa2 44. Qc1 Rb7 45. Rc2 Qa4 46. Rc6
Qa2 47. Rxf6 Rb1 48. Rc6 Rxc1+ 49. Rxc1 Kg6 50. Rc5 Qb1+ 51. Kg2 f5 52. Rxd5 f4
53. e4 Qb2 54. e5 Kf7 55. Rd6 Ke7 56. d5 Kf7 57. Rd7+ Ke8 58. e6 Qe5 59. Ra7
Qd6 60. Be4 1-0

[Event "II. CLANSKA LIGA ZAHOD 2023"]
[Site "Komenda"]
[Date "2023.11.17"]
[Round "1.2"]
[White "Markovic, Jelena"]
[Black "Simnic, Franci"]
[Result "1-0"]
[WhiteElo "1607"]
[BlackElo "1685"]
[PlyCount "91"]
[EventDate "2023.11.17"]
[WhiteTeam "SD VRHNIKA"]
[BlackTeam "SD RADOVLJICA"]

1. d4 d5 2. e3 Nf6 3. f4 c5 4. c3 Bg4 5. Nf3 e6 6. Be2 Ne4 7. O-O Be7 8. Qa4+
Kf8 9. Qb3 Qc7 10. Qd1 Nd7 11. Ne5 Bxe2 12. Qxe2 g6 13. Nd2 Ndf6 14. Ndf3 c4
15. Ng5 h6 16. Nxg6+ Kg7 17. Nxh8 hxg5 18. Nxf7 g4 19. Ng5 Nxg5 20. fxg5 Ne4
21. Qxg4 Rh8 22. g3 Qc8 23. h4 Bd6 24. Rf3 Qe8 25. Kg2 Qg6 26. Rf6 Qh5 27. Qxh5
Rxh5 28. Rf3 Rh8 29. b3 Nxc3 30. bxc4 dxc4 31. a4 Ne4 32. Ba3 Bxa3 33. Rxa3 c3
34. Rf1 Rc8 35. Rc1 a6 36. Kf3 Nd2+ 37. Ke2 Ne4 38. g4 b5 39. a5 b4 40. Rb3 Rb8
41. Rcb1 c2 42. Rc1 Rc8 43. Rb2 Nc3+ 44. Kd3 b3 45. Rxb3 Na2 46. Rxc2 1-0

[Event "II. CLANSKA LIGA ZAHOD 2023"]
[Site "Komenda"]
[Date "2023.11.17"]
[Round "1.4"]
[White "Zlindra, Aljaz"]
[Black "Torkar, Boris"]
[Result "1/2-1/2"]
[WhiteElo "1376"]
[BlackElo "1783"]
[PlyCount "124"]
[EventDate "2023.11.17"]
[WhiteTeam "SD VRHNIKA"]
[BlackTeam "SD RADOVLJICA"]

1. e4 e6 2. d4 d5 3. Nc3 dxe4 4. Nxe4 Bd7 5. Nf3 Bc6 6. Bd3 Nd7 7. c3 Ngf6 8.
Qe2 Be7 9. O-O Bxe4 10. Bxe4 Nxe4 11. Qxe4 c6 12. Bf4 O-O 13. Rad1 Nf6 14. Qe2
Rc8 15. Ne5 a6 16. Ng4 Nxg4 17. Qxg4 Bf6 18. Rfe1 Qa5 19. a3 Rfe8 20. Re3 Qb5
21. b4 Qa4 22. Rg3 g6 23. Re1 Qxa3 24. Be5 Bxe5 25. dxe5 Rcd8 26. Rh3 h5 27.
Qf3 Qb2 28. Qf6 Qd2 29. Rf1 Rd3 30. Rh4 Rxc3 31. g4 Rc4 32. gxh5 Rxh4 33. Qxh4
Qh6 34. Qd4 Qxh5 35. f4 Qh4 36. Qb6 Qe7 37. Rd1 Kg7 38. Qd4 Qh4 39. Rd3 Qe1+
40. Kg2 Qe2+ 41. Kg1 Rh8 42. h3 Qe1+ 43. Kg2 Rh4 44. Rd2 g5 45. Rf2 Rxf4 46.
Rxf4 gxf4 47. Qxf4 Qe2+ 48. Kg1 Qd1+ 49. Kf2 Qc2+ 50. Ke1 Qf5 51. Qg3+ Qg6 52.
Qh4 b6 53. Kd2 c5 54. bxc5 bxc5 55. Kc3 a5 56. Qf4 f6 57. Kc4 Qc2+ 58. Kb5 f5
59. Qg5+ Kh7 60. Qh5+ Kg7 61. Qg5+ Kh7 62. Qh5+ Kg7 1/2-1/2

[Event "II. CLANSKA LIGA ZAHOD 2023"]
[Site "Komenda"]
[Date "2023.11.17"]
[Round "1.5"]
[White "Sandic, Jovica"]
[Black "Sever, Gasper"]
[Result "0-1"]
[WhiteElo "1743"]
[BlackElo "1406"]
[PlyCount "68"]
[EventDate "2023.11.17"]
[WhiteTeam "SD RADOVLJICA"]
[BlackTeam "SD VRHNIKA"]

1. e4 e5 2. Nf3 Nc6 3. c4 g6 4. d3 Bg7 5. Nc3 Nge7 6. Be2 d6 7. a3 Nd4 8. Nxd4
exd4 9. Nb1 O-O 10. Nd2 f5 11. exf5 Bxf5 12. Nf3 c5 13. O-O Nc6 14. Bd2 Ne5 15.
Bf4 Rb8 16. Bg3 b5 17. b3 bxc4 18. bxc4 Qa5 19. Nxe5 dxe5 20. f4 e4 21. dxe4
Bxe4 22. Bd3 Bxd3 23. Qxd3 Qc3 24. Rfd1 Rb3 25. Qe2 Qe3+ 26. Qf2 Qxf2+ 27. Kxf2
Rfb8 28. Ra2 Rc3 29. f5 Rf8 30. Kg1 Rxf5 31. Re2 d3 32. Red2 Rxa3 33. Rxd3 Bd4+
34. Kh1 Rxd3 0-1

[Event "II. CLANSKA LIGA ZAHOD 2023"]
[Site "Komenda"]
[Date "2023.11.17"]
[Round "1.6"]
[White "Petek, Val"]
[Black "Bec, Alojz"]
[Result "1-0"]
[WhiteElo "1000"]
[BlackElo "1853"]
[PlyCount "41"]
[EventDate "2023.11.17"]
[WhiteTeam "SD VRHNIKA"]
[BlackTeam "SD RADOVLJICA"]

1. d4 d5 2. Nf3 Nc6 3. c4 Nf6 4. cxd5 Nxd5 5. e4 Nb6 6. Nc3 a6 7. Be2 e6 8. Be3
Be7 9. O-O O-O 10. a3 Na5 11. Qc2 Nac4 12. Bf4 Nd6 13. Bd3 f5 14. Be5 Nbc4 15.
exf5 Nxe5 16. dxe5 Nxf5 17. Rad1 Qe8 18. Nd4 g6 19. Nxf5 exf5 20. Nd5 c6 21.
Nc7 1-0

[Event "II. CLANSKA LIGA ZAHOD 2023"]
[Site "Komenda"]
[Date "2023.11.17"]
[Round "1.1"]
[White "Bratovic, Blaz"]
[Black "Jukan, Nesib"]
[Result "1-0"]
[WhiteElo "2350"]
[BlackElo "1949"]
[PlyCount "57"]
[EventDate "2023.11.17"]
[WhiteTeam "SD GORENJKA LESCE"]
[BlackTeam "SK TRZIN"]

1. Nf3 d5 2. c4 e6 3. g3 c6 4. Bg2 Nf6 5. O-O Be7 6. d4 O-O 7. Qc2 Nbd7 8. b3
Re8 9. Nc3 Nf8 10. e4 dxe4 11. Nxe4 Nxe4 12. Qxe4 Bf6 13. h4 c5 14. Be3 cxd4
15. Nxd4 Qc7 16. Rad1 a6 17. h5 h6 18. Rfe1 Rb8 19. Nf5 Bd7 20. Nd6 Bc6 21.
Nxe8 Rxe8 22. Qg4 Bxg2 23. Kxg2 Kh8 24. Bd4 e5 25. Bc3 b5 26. Rd5 bxc4 27. bxc4
Qc8 28. Qxc8 Rxc8 29. Bxe5 1-0

[Event "II. CLANSKA LIGA ZAHOD 2023"]
[Site "Komenda"]
[Date "2023.11.17"]
[Round "1.2"]
[White "Krupenko, Peter"]
[Black "Mencinger, Vojko"]
[Result "1/2-1/2"]
[WhiteElo "2023"]
[BlackElo "2296"]
[PlyCount "90"]
[EventDate "2023.11.17"]
[WhiteTeam "SK TRZIN"]
[BlackTeam "SD GORENJKA LESCE"]

1. c4 e5 2. g3 c6 3. Nf3 e4 4. Nd4 d5 5. cxd5 Qxd5 6. Nc2 Nf6 7. Bg2 Qe5 8. O-O
h5 9. d4 Qe6 10. Nc3 h4 11. Bg5 hxg3 12. hxg3 Nbd7 13. Ne3 Rh5 14. Bxf6 Nxf6
15. Qc2 Nd5 16. Qxe4 Nxe3 17. fxe3 Qxe4 18. Bxe4 Be6 19. Bf3 Ra5 20. Kf2 O-O-O
21. Rh1 a6 22. Rh5 Rxh5 23. Bxh5 Bb4 24. Bf3 Rh8 25. a3 Be7 26. Rh1 Rxh1 27.
Bxh1 Bb3 28. e4 c5 29. e3 cxd4 30. exd4 Bg5 31. Ne2 Bd2 32. e5 f6 33. exf6 gxf6
34. Be4 Kc7 35. Kf3 Bd1 36. Kf2 Bb3 37. Nf4 b6 38. Nd5+ Bxd5 39. Bxd5 Bc1 40.
b3 Bxa3 41. g4 b5 42. Ke3 Kb6 43. Kd3 Bb2 44. Be6 Ka5 45. Bc8 Kb6 1/2-1/2

[Event "II. CLANSKA LIGA ZAHOD 2023"]
[Site "Komenda"]
[Date "2023.11.17"]
[Round "1.3"]
[White "Pavlin, Damijan"]
[Black "Krumpak, Hinko"]
[Result "1/2-1/2"]
[WhiteElo "1926"]
[BlackElo "2008"]
[PlyCount "72"]
[EventDate "2023.11.17"]
[WhiteTeam "SD GORENJKA LESCE"]
[BlackTeam "SK TRZIN"]

1. Nf3 g6 2. d4 Bg7 3. Bf4 c5 4. e3 d6 5. c3 Qb6 6. Qb3 Qxb3 7. axb3 cxd4 8.
exd4 Nf6 9. Be2 O-O 10. O-O Nc6 11. Nbd2 Nd5 12. Bg3 Bh6 13. Rfe1 Nc7 14. Bc4
Re8 15. b4 b6 16. Bh4 Kf8 17. Bg5 Bxg5 18. Nxg5 f6 19. Ngf3 b5 20. Bd3 a6 21.
h4 Bg4 22. Nh2 Be6 23. h5 Kf7 24. hxg6+ hxg6 25. Nhf3 g5 26. Ne4 Bd5 27. Nfd2
Rad8 28. Bc2 Rh8 29. Bb3 Bxb3 30. Nxb3 Nb8 31. Re2 Nd5 32. Rd1 Rh7 33. Ng3 Rdh8
34. f3 Nc6 35. Na5 Nxa5 36. bxa5 Ke8 1/2-1/2

[Event "II. CLANSKA LIGA ZAHOD 2023"]
[Site "Komenda"]
[Date "2023.11.17"]
[Round "1.4"]
[White "Rojs, Igor"]
[Black "Lanjscek, Miha"]
[Result "1-0"]
[WhiteElo "1909"]
[BlackElo "1785"]
[PlyCount "75"]
[EventDate "2023.11.17"]
[WhiteTeam "SK TRZIN"]
[BlackTeam "SD GORENJKA LESCE"]

1. c4 Nf6 2. Nc3 e6 3. g3 d5 4. cxd5 exd5 5. Bg2 Be7 6. Qb3 c6 7. d3 O-O 8. Nf3
Nh5 9. e4 dxe4 10. dxe4 Qc7 11. O-O Be6 12. Qc2 Na6 13. a3 Nf6 14. Bf4 Qb6 15.
b4 h6 16. Rfd1 c5 17. Na4 Qb5 18. Bf1 c4 19. Nd4 Qd7 20. Nf5 Qe8 21. Nxe7+ Qxe7
22. Bd6 Qe8 23. Bxf8 Kxf8 24. Nc3 Nc7 25. e5 Nfd5 26. Nxd5 Nxd5 27. Qxc4 Nb6
28. Qe4 Qe7 29. Rd4 Rc8 30. Rad1 g6 31. Bg2 Rc7 32. Qf4 Kg7 33. Rc1 Rxc1+ 34.
Qxc1 Bf5 35. Qc5 Qe6 36. Rd8 g5 37. Qf8+ Kg6 38. Rd6 1-0

[Event "II. CLANSKA LIGA ZAHOD 2023"]
[Site "Komenda"]
[Date "2023.11.17"]
[Round "1.5"]
[White "Kocjancic, Luka"]
[Black "Leben, Dusan"]
[Result "1/2-1/2"]
[WhiteElo "1288"]
[BlackElo "1804"]
[PlyCount "124"]
[EventDate "2023.11.17"]
[WhiteTeam "SD GORENJKA LESCE"]
[BlackTeam "SK TRZIN"]

1. d4 Nf6 2. c4 e6 3. Nc3 d5 4. Nf3 c6 5. Bf4 Nbd7 6. e3 Bb4 7. a3 Be7 8. Qc2
a6 9. c5 b5 10. Bd3 a5 11. Nxb5 cxb5 12. c6 Ba6 13. cxd7+ Qxd7 14. Ne5 Qb7 15.
Qc6+ Qxc6 16. Nxc6 Nh5 17. Bb8 Nf6 18. Nxe7 Kxe7 19. Bc7 a4 20. Ke2 Rhc8 21.
Be5 g6 22. Rac1 Nd7 23. Bc7 Nf6 24. f3 Kd7 25. Ba5 Rxc1 26. Rxc1 Rc8 27. Rxc8
Kxc8 28. Kd2 Kd7 29. Kc3 Ne8 30. Bb4 Kc6 31. Bc5 b4+ 32. Bxb4 Bxd3 33. Kxd3 Kb5
34. e4 Nf6 35. Be7 Nd7 36. Bd8 Nb8 37. Bc7 Nd7 38. Kc3 Kc6 39. Bd8 Kb5 40. e5
Nb8 41. Be7 Nc6 42. Bc5 Na5 43. Bf8 Nb3 44. Bb4 Na1 45. h4 h5 46. Kd3 Nb3 47.
Bc3 Nc1+ 48. Ke3 Nb3 49. Kf4 Kc4 50. g4 Nxd4 51. gxh5 gxh5 52. Kg5 Nxf3+ 53.
Kxh5 d4 54. Bb4 Nxe5 55. Kg5 Nf3+ 56. Kg4 Nxh4 57. Kxh4 Kb3 58. Kg5 Kxb2 59.
Kf6 Kc2 60. Kxf7 e5 61. Kf6 Kb3 62. Kxe5 d3 1/2-1/2

[Event "II. CLANSKA LIGA ZAHOD 2023"]
[Site "Komenda"]
[Date "2023.11.17"]
[Round "1.6"]
[White "Bajec, Borut"]
[Black "Primozic, Lovro"]
[Result "1-0"]
[WhiteElo "1714"]
[BlackElo "1354"]
[PlyCount "43"]
[EventDate "2023.11.17"]
[WhiteTeam "SK TRZIN"]
[BlackTeam "SD GORENJKA LESCE"]

1. d4 d5 2. Nf3 Nf6 3. c4 e6 4. Nc3 c6 5. e3 Nbd7 6. Bd3 Bd6 7. O-O O-O 8. e4
dxe4 9. Nxe4 Nxe4 10. Bxe4 Nf6 11. Bc2 c5 12. Bg5 cxd4 13. Qd3 g6 14. Qxd4 Be7
15. Qh4 Re8 16. Rad1 Qc7 17. Bxf6 Bxf6 18. Qxf6 Qxc4 19. Bb3 Qb5 20. Ng5 Rf8
21. Rd8 Qc5 22. Qxf7+ 1-0

[Event "II. CLANSKA LIGA ZAHOD 2023"]
[Site "Komenda"]
[Date "2023.11.17"]
[Round "1.1"]
[White "Ogradi, Gregor"]
[Black "Jovanovic, Zoran"]
[Result "0-1"]
[WhiteElo "1958"]
[BlackElo "2506"]
[PlyCount "78"]
[EventDate "2023.11.17"]
[WhiteTeam "SK KOMENDA"]
[BlackTeam "SD POSOCJE"]

1. e4 d6 2. d4 Nf6 3. Nc3 e5 4. Nf3 Nbd7 5. Bc4 Be7 6. O-O O-O 7. Re1 c6 8. a4
exd4 9. Nxd4 Ne5 10. Bf1 Re8 11. h3 Ng6 12. g3 Bf8 13. Bg2 Bd7 14. Kh2 h6 15.
f4 Qc7 16. b3 Rad8 17. Bb2 a6 18. a5 c5 19. Nf5 d5 20. Ne3 dxe4 21. Ned5 Nxd5
22. Nxd5 Qd6 23. Rxe4 Bc6 24. c4 Ne7 25. Nxe7+ Rxe7 26. Qxd6 Rxd6 27. Rxe7 Rd2
28. Rg1 Bxe7 29. Bc1 Rc2 30. Be3 Re2 31. Bc1 Bf6 32. Kh1 Bd4 33. Bxc6 Bxg1 34.
Bxb7 Re1 35. Bd2 Rd1 36. Bf3 Rxd2 37. Kxg1 Rd3 38. Bb7 Rxg3+ 39. Kf2 Rxb3 0-1

[Event "II. CLANSKA LIGA ZAHOD 2023"]
[Site "Komenda"]
[Date "2023.11.17"]
[Round "1.2"]
[White "Srebrnic, Marko"]
[Black "Cimperman, Teo"]
[Result "1-0"]
[WhiteElo "2366"]
[BlackElo "1640"]
[PlyCount "63"]
[EventDate "2023.11.17"]
[WhiteTeam "SD POSOCJE"]
[BlackTeam "SK KOMENDA"]

1. e4 c5 2. Nf3 Nc6 3. g3 g6 4. Bg2 Bg7 5. O-O e6 6. c3 d5 7. exd5 exd5 8. d4
cxd4 9. Bg5 f6 10. Bf4 g5 11. Bc1 dxc3 12. Nxc3 Nge7 13. h4 gxh4 14. Nxh4 Be6
15. Re1 Qd7 16. Nxd5 Bxd5 17. Qxd5 Qxd5 18. Bxd5 O-O-O 19. Bg2 Rhe8 20. Bf4 Ne5
21. Rad1 Rxd1 22. Rxd1 N7c6 23. Nf5 Bf8 24. Nd6+ Bxd6 25. Rxd6 Rf8 26. Bh3+ Kc7
27. Rd7+ Kb6 28. Be3+ Ka6 29. Bf1+ Ka5 30. Rd5+ Ka4 31. Bb5+ Kb4 32. Bd2# 1-0

[Event "II. CLANSKA LIGA ZAHOD 2023"]
[Site "Komenda"]
[Date "2023.11.17"]
[Round "1.3"]
[White "Babarovic, Fran"]
[Black "Biti, Ozren"]
[Result "0-1"]
[WhiteElo "1653"]
[BlackElo "2305"]
[PlyCount "70"]
[EventDate "2023.11.17"]
[WhiteTeam "SK KOMENDA"]
[BlackTeam "SD POSOCJE"]

1. e4 d6 2. d4 Nf6 3. Nc3 g6 4. Nf3 Bg7 5. Bc4 O-O 6. O-O Nxe4 7. Nxe4 d5 8.
Bd3 dxe4 9. Bxe4 Nd7 10. c3 c5 11. Be3 cxd4 12. Nxd4 a5 13. Qd2 Nf6 14. Bc2 Qc7
15. h3 e5 16. Nf3 Rd8 17. Qc1 Be6 18. Bh6 Nd5 19. Bxg7 Kxg7 20. Qg5 f6 21. Qh4
Nf4 22. Rfe1 Rd7 23. Qg3 Rad8 24. Nh4 Rd2 25. Rac1 Re2 26. Bf5 Qc8 27. Bxe6
Qxe6 28. Qf3 Qc6 29. Qxc6 bxc6 30. Kf1 Rxb2 31. Red1 Rbd2 32. Rxd2 Rxd2 33. Rb1
Kf7 34. Rb7+ Ke6 35. Rxh7 Rd1# 0-1

[Event "II. CLANSKA LIGA ZAHOD 2023"]
[Site "Komenda"]
[Date "2023.11.17"]
[Round "1.4"]
[White "Beletic, Danijel"]
[Black "Trpin, Alenka"]
[Result "1-0"]
[WhiteElo "2243"]
[BlackElo "1716"]
[PlyCount "59"]
[EventDate "2023.11.17"]
[WhiteTeam "SD POSOCJE"]
[BlackTeam "SK KOMENDA"]

1. d4 d5 2. Bf4 Nf6 3. e3 e6 4. Nd2 c5 5. c3 Nc6 6. Ngf3 h6 7. Bd3 c4 8. Bc2
Bd6 9. O-O Bxf4 10. exf4 O-O 11. Ne5 Bd7 12. Qe2 b5 13. g4 Nh7 14. Nxc6 Bxc6
15. Nf3 Re8 16. g5 hxg5 17. Ne5 Bb7 18. Bxh7+ Kxh7 19. Qh5+ Kg8 20. Qxf7+ Kh7
21. Qg6+ Kg8 22. fxg5 Qe7 23. f4 Rf8 24. Rf3 Qe8 25. Rh3 Qxg6 26. Nxg6 Rfe8 27.
Rf1 a5 28. f5 exf5 29. Rxf5 Re1+ 30. Kf2 1-0

[Event "II. CLANSKA LIGA ZAHOD 2023"]
[Site "Komenda"]
[Date "2023.11.17"]
[Round "1.5"]
[White "Zagar, Katarina"]
[Black "Hozjan, Erik"]
[Result "0-1"]
[WhiteElo "1157"]
[BlackElo "1899"]
[PlyCount "36"]
[EventDate "2023.11.17"]
[WhiteTeam "SK KOMENDA"]
[BlackTeam "SD POSOCJE"]

1. d4 f5 2. g3 Nf6 3. Bg2 e6 4. c4 c6 5. Nc3 Bb4 6. Bd2 O-O 7. a3 Bxc3 8. Bxc3
d5 9. c5 b6 10. b4 Ne4 11. Bb2 f4 12. f3 fxg3 13. fxe4 Rf2 14. Bh3 Rxh2 15. Bg2
Rxg2 16. Qd3 Rh2 17. Qf3 Qh4 18. Rxh2 gxh2+ 0-1

[Event "II. CLANSKA LIGA ZAHOD 2023"]
[Site "Komenda"]
[Date "2023.11.17"]
[Round "1.6"]
[White "Rutar, Ales"]
[Black "Perme, Lojze"]
[Result "1-0"]
[WhiteElo "1350"]
[BlackElo "1053"]
[PlyCount "71"]
[EventDate "2023.11.17"]
[WhiteTeam "SD POSOCJE"]
[BlackTeam "SK KOMENDA"]

1. e4 e5 2. Nf3 Nc6 3. Bc4 Bc5 4. Nc3 Nf6 5. d3 h6 6. Na4 Bb6 7. Nxb6 axb6 8.
Be3 d5 9. exd5 Nxd5 10. h3 O-O 11. Qd2 Kh7 12. a3 Bf5 13. g4 Be6 14. O-O-O Na5
15. Nxe5 Nxc4 16. dxc4 Nxe3 17. Qxe3 Qe7 18. f4 f6 19. Ng6 Kxg6 20. f5+ Kf7 21.
Qxe6+ Qxe6 22. fxe6+ Kxe6 23. Rhe1+ Kf7 24. Rd7+ Kg8 25. Ree7 Rfe8 26. Rxg7+
Kh8 27. Rh7+ Kg8 28. Rxh6 Rad8 29. Rxd8 Rxd8 30. Rxf6 c6 31. g5 Kg7 32. b3 b5
33. cxb5 cxb5 34. Rb6 Rd5 35. h4 Rd4 36. h5 1-0

[Event "II. CLANSKA LIGA ZAHOD 2023"]
[Site "Komenda"]
[Date "2023.11.18"]
[Round "2.1"]
[White "Jukan, Nesib"]
[Black "Cimperman, Teo"]
[Result "1/2-1/2"]
[WhiteElo "1949"]
[BlackElo "1640"]
[PlyCount "63"]
[EventDate "2023.11.18"]
[WhiteTeam "SK TRZIN"]
[BlackTeam "SK KOMENDA"]

1. d4 Nf6 2. Nf3 g6 3. g3 Bg7 4. Bg2 d5 5. O-O O-O 6. Nbd2 c6 7. e3 Bf5 8. c3
Nbd7 9. Qb3 Nb6 10. a4 a5 11. c4 dxc4 12. Nxc4 Be6 13. Qxb6 Bxc4 14. Qxd8 Rfxd8
15. Re1 Nd5 16. Nd2 Ba6 17. Bxd5 cxd5 18. Nb1 e5 19. Bd2 b6 20. Bc3 exd4 21.
Bxd4 Bxd4 22. exd4 Re8 23. Nc3 Bc4 24. f4 f5 25. Re5 Rxe5 26. fxe5 Kf7 27. Kf2
g5 28. Kf3 Ke6 29. Rg1 Rg8 30. Rg2 h5 31. Rg1 Rg7 32. Rg2 1/2-1/2

[Event "II. CLANSKA LIGA ZAHOD 2023"]
[Site "Komenda"]
[Date "2023.11.18"]
[Round "2.2"]
[White "Babarovic, Fran"]
[Black "Krupenko, Peter"]
[Result "0-1"]
[WhiteElo "1653"]
[BlackElo "2023"]
[PlyCount "48"]
[EventDate "2023.11.18"]
[WhiteTeam "SK KOMENDA"]
[BlackTeam "SK TRZIN"]

1. e4 e5 2. Nf3 Nf6 3. Nxe5 d6 4. Nf3 Nxe4 5. Bc4 d5 6. Bb3 Nc5 7. O-O Be7 8.
Re1 Nxb3 9. axb3 O-O 10. Nc3 c6 11. d4 Re8 12. Bf4 Nd7 13. Re3 Nf8 14. Ng5 Bf5
15. h4 h6 16. Nf3 Bg4 17. Qd3 Bxf3 18. Rxf3 Bxh4 19. Rh3 Bg5 20. Bxg5 Qxg5 21.
Rg3 Qf6 22. Kh2 Ng6 23. Rh1 Qh4+ 24. Kg1 Re1+ 0-1

[Event "II. CLANSKA LIGA ZAHOD 2023"]
[Site "Komenda"]
[Date "2023.11.18"]
[Round "2.3"]
[White "Krumpak, Hinko"]
[Black "Trpin, Alenka"]
[Result "1-0"]
[WhiteElo "2008"]
[BlackElo "1716"]
[PlyCount "55"]
[EventDate "2023.11.18"]
[WhiteTeam "SK TRZIN"]
[BlackTeam "SK KOMENDA"]

1. c4 e5 2. Nc3 Nc6 3. g3 Nf6 4. Bg2 a6 5. a3 Bc5 6. b4 Ba7 7. e3 O-O 8. Bb2
Ne7 9. Nge2 c6 10. O-O Re8 11. d4 exd4 12. Nxd4 d5 13. c5 Bd7 14. Re1 b6 15.
cxb6 Bxb6 16. Na4 Ba7 17. Nb3 Ng6 18. Nac5 Bf5 19. Nxa6 Ne5 20. Bxe5 Rxe5 21.
Nac5 Qc8 22. Qc1 Bh3 23. Bh1 Qf5 24. Nd4 Qg6 25. Nxc6 Rg5 26. Ne7+ Kf8 27.
Nxg6+ Rxg6 28. Ra2 1-0

[Event "II. CLANSKA LIGA ZAHOD 2023"]
[Site "Komenda"]
[Date "2023.11.18"]
[Round "2.4"]
[White "Perme, Metod"]
[Black "Leben, Dusan"]
[Result "0-1"]
[WhiteElo "1301"]
[BlackElo "1804"]
[PlyCount "74"]
[EventDate "2023.11.18"]
[WhiteTeam "SK KOMENDA"]
[BlackTeam "SK TRZIN"]

1. e4 e5 2. Nf3 Nf6 3. Nc3 Nc6 4. Bd3 Bc5 5. O-O d6 6. h3 O-O 7. a3 a5 8. Na4
Ba7 9. b3 Be6 10. Bb2 Qd7 11. Qe2 Ne7 12. Ng5 Ng6 13. Bc4 Nf4 14. Qe1 Bxc4 15.
bxc4 Qxa4 16. Rc1 h6 17. Nf3 Qxc4 18. Kh2 Qxe4 19. Qxe4 Nxe4 20. Rce1 Ng5 21.
Nxg5 hxg5 22. g3 Ne6 23. Re4 Nd4 24. Kg2 f5 25. Re3 a4 26. Rc3 c5 27. f4 gxf4
28. gxf4 Ne2 29. Rc4 b5 30. Rf2 Nxf4+ 31. Rfxf4 bxc4 32. Rxc4 Bb6 33. d3 Kf7
34. Rh4 Rh8 35. Rxh8 Rxh8 36. Kg3 Ba5 37. Kg2 Bd2 0-1

[Event "II. CLANSKA LIGA ZAHOD 2023"]
[Site "Komenda"]
[Date "2023.11.18"]
[Round "2.5"]
[White "Grum, Andrej"]
[Black "Zagar, Katarina"]
[Result "1-0"]
[WhiteElo "1751"]
[BlackElo "1157"]
[PlyCount "63"]
[EventDate "2023.11.18"]
[WhiteTeam "SK TRZIN"]
[BlackTeam "SK KOMENDA"]

1. e4 e5 2. Nf3 Nc6 3. Bc4 Bc5 4. O-O Nf6 5. d3 d6 6. h3 h6 7. Be3 Bb6 8. Nc3
Ba5 9. a3 Bxc3 10. bxc3 d5 11. exd5 Nxd5 12. Qd2 Nxe3 13. Qxe3 f6 14. d4 Qe7
15. Rfe1 e4 16. Nh4 Bf5 17. Nxf5 Qd7 18. Qxe4+ Kd8 19. Bb5 Re8 20. Qxe8+ Qxe8
21. Rxe8+ Kxe8 22. Bxc6+ bxc6 23. Nxg7+ Kf7 24. Nf5 h5 25. Kf1 Rb8 26. Ke2 Re8+
27. Kd3 c5 28. Ne3 cxd4 29. cxd4 Rd8 30. Rb1 c5 31. d5 a5 32. c4 1-0